000 00636nam a2200229Ia 4500
008 160319s9999 xx 000 0 und d
245 _aBody atlas :
245 _bIn the womb; human design; food machine /
245 _cDiscovery Communications.
260 _aBethesda, Maryland : 
260 _bDiscovery Channel School.
260 _c2009
300 _a1 digital video disc (152 min.) :
300 _bsound, colored ;
300 _c4 3/4 in.
440 _aBody Atlas.
650 _aDigestive system --
650 _aHuman anatomy.
650 _aHuman body.
650 _aHuman physiology.
650 _xAnatomy.
999 _c292408
_d292408